000 01237nam0a22003131 4500
001 v19\rc\1192149
005 20260406082954.0
035 _a(NLR Aleph) 005190352
090 _a5206245
_c5206245
100 _a20060306d1854 u y0rusy50 ca
101 0 _arus
102 _aRU
105 _ay z |||||
200 1 _aСказание о иконе божией матери, именуемой Абалацкою
205 _a2-е изд.
210 _aМосква
_cтип. Александра Семена
_d1854
215 _a18 с.
300 _aВ конце текста авт.: С.А. Сул.
316 _aЭкз РНБ (18.97.4.270) утрачен в 1943 г.
_5NLR: 18.97.4.270
517 0 _aСказание об иконе божией матери, именуемой Абалацкою, и о важнейших копиях с нее
700 1 _8rus
_7ca
_aСулоцкий
_bА. И.
_f1812-1884
_gАлександр Иванович
_3RU\NLR\AUTH\7748939
_931874
790 1 _aСул.
_bС.А.
_f1812-1884
801 0 _aRU
_bNLR
_c20060306
_gpsbo
801 1 _aRU
_bProSoft-M
_c20060306
_2rusmarc
801 2 _aRU
_bNLR
_c20070423
_2rusmarc
852 _aNLR
_j18.97.4.270
942 _cBOOK
980 _aNB